| 000 | 00402nam a22001697a 4500 | ||
|---|---|---|---|
| 005 | 20180720153301.0 | ||
| 008 | 160503b xxu||||| |||| 00| 0 eng d | ||
| 020 | _a81-219-2014-0 | ||
| 041 | _aeng | ||
| 082 |
_b1213 _a658.3 |
||
| 100 |
_aKhanka S.S. _9279 |
||
| 245 | _aOrganisational Behaviour | ||
| 260 |
_bS. Chand Company Ltd. _c2007 |
||
| 300 | _a377 | ||
| 650 |
_aManagement _9241 |
||
| 942 | _cBK | ||
| 999 |
_c491 _d491 |
||